000 00311nam a22001337a 4500
008 210428b ||||| |||| 00| 0 eng d
041 _aeng
080 _a030
082 _a030
100 _a23
101 _aENC
245 _aBiographical Encyclopedia of Mathematicians
_cFranceschetti,D.R
942 _2udc
_cBK
999 _c56874
_d56874